000
00296nam a2200109 a 4500
005
20140408090011.0
008
021114s19uu xx 00 eng d
050
_a
PGS '99
_b
BAU #7
100
_a
Bautista, Kristianne
245
_a
A Survey on the eating habits of grade 6-B students.
942
_c
PASS
999
_c
96157
_d
96157